000 00291nam a2200133Ia 4500
008 191201s2010 xx 000 0 und d
100 _aJAIRATH,AK
245 0 _aControl systems
250 _aRep
260 _c2010
_bAne Books
_aN. delhi
300 _a349
650 _aECE
942 _2ddc
_cBB
999 _c7422
_d7422